[Event "High League 2022 women"]
[Site "Obninsk"]
[Date "2022.06.28"]
[Round "3.12"]
[White "Bivol, Alina"]
[Black "Nur-Mukhametova, Alisa"]
[Result "1-0"]
[LiveChessVersion "1.4.7"]
[BlackElo "2172"]
[WhiteElo "2364"]

1. e4 {[%clk 1:30:35]} c5 {[%clk 1:30:48]} 2. Nf3 {[%clk 1:30:42]} d6
{[%clk 1:30:54]} 3. d4 {[%clk 1:30:53]} cxd4 {[%clk 1:31:12]} 4. Nxd4
{[%clk 1:31:09]} Nf6 {[%clk 1:31:31]} 5. Nc3 {[%clk 1:31:34]} a6 {[%clk 1:31:15]}
6. Be2 {[%clk 1:31:53]} e5 {[%clk 1:29:03]} 7. Nf3 {[%clk 1:31:00]} Be7
{[%clk 1:28:33]} 8. Bg5 {[%clk 1:31:24]} Be6 {[%clk 1:27:54]} 9. Bxf6
{[%clk 1:31:37]} Bxf6 {[%clk 1:27:09]} 10. Nd5 {[%clk 1:29:48]} Nd7
{[%clk 1:13:46]} 11. O-O {[%clk 1:26:21]} O-O {[%clk 1:12:22]} 12. Qd2
{[%clk 1:25:03]} Rc8 {[%clk 1:06:14]} 13. c3 {[%clk 1:25:28]} Bxd5
{[%clk 1:03:04]} 14. Qxd5 {[%clk 1:24:23]} Qb6 {[%clk 0:56:56]} 15. Rab1
{[%clk 1:22:45]} Qc6 {[%clk 0:52:12]} 16. Qxc6 {[%clk 1:15:04]} Rxc6
{[%clk 0:52:26]} 17. Bd1 {[%clk 1:14:52]} Nc5 {[%clk 0:40:32]} 18. Bc2
{[%clk 1:11:12]} Rd8 {[%clk 0:37:31]} 19. Rfd1 {[%clk 1:11:04]} Kf8
{[%clk 0:32:58]} 20. g3 {[%clk 1:10:10]} g6 {[%clk 0:31:48]} 21. h4
{[%clk 1:10:32]} Ke7 {[%clk 0:30:27]} 22. Nh2 {[%clk 1:07:58]} b5
{[%clk 0:26:47]} 23. Ng4 {[%clk 1:07:59]} Nd7 {[%clk 0:25:19]} 24. a4
{[%clk 1:04:50]} Nb6 {[%clk 0:23:14]} 25. axb5 {[%clk 1:04:50]} axb5
{[%clk 0:23:26]} 26. Ne3 {[%clk 1:03:30]} Bg7 {[%clk 0:18:17]} 27. Bb3
{[%clk 1:00:48]} Bh6 {[%clk 0:15:13]} 28. Ng4 {[%clk 1:00:50]} Bg7
{[%clk 0:14:06]} 29. Ne3 {[%clk 0:59:35]} Bh6 {[%clk 0:14:28]} 30. Nc2
{[%clk 0:59:53]} Rc5 {[%clk 0:09:14]} 31. Nb4 {[%clk 0:59:06]} f5
{[%clk 0:06:19]} 32. Ra1 {[%clk 0:57:18]} Nc4 {[%clk 0:04:05]} 33. Ra6
{[%clk 0:51:39]} Rd7 {[%clk 0:03:22]} 34. Nd5+ {[%clk 0:49:10]} Ke6
{[%clk 0:02:26]} 35. f3 {[%clk 0:47:45]} Bf8 {[%clk 0:02:55]} 36. Ra8
{[%clk 0:47:01]} Kf7 {[%clk 0:02:13]} 37. g4 {[%clk 0:44:33]} Kg7
{[%clk 0:00:36]} 38. gxf5 {[%clk 0:44:18]} gxf5 {[%clk 0:01:05]} 39. Kh2
{[%clk 0:44:03]} Rf7 {[%clk 0:01:15]} 40. Rg1+ {[%clk 1:12:06]} Kh8
{[%clk 0:30:37]} 41. Ne7 {[%clk 1:09:50]} h6 {[%clk 0:29:56]} 42. Ng6+
{[%clk 1:10:08]} 1-0

[Event "High League 2022 women"]
[Site "Obninsk"]
[Date "2022.06.28"]
[Round "3.13"]
[White "Kirchei, Viktoriia"]
[Black "Kovalevskaya, Ekaterina"]
[Result "0-1"]
[LiveChessVersion "1.4.7"]
[BlackElo "2364"]
[WhiteElo "2159"]

1. e4 {[%clk 1:30:56]} c5 {[%clk 1:30:41]} 2. Nf3 {[%clk 1:31:16]} Nc6
{[%clk 1:30:54]} 3. Bb5 {[%clk 1:31:29]} d6 {[%clk 1:30:12]} 4. O-O
{[%clk 1:31:13]} Bd7 {[%clk 1:30:16]} 5. Re1 {[%clk 1:31:15]} Nf6
{[%clk 1:30:22]} 6. c3 {[%clk 1:31:27]} a6 {[%clk 1:30:29]} 7. Bf1
{[%clk 1:31:12]} Bg4 {[%clk 1:29:57]} 8. h3 {[%clk 1:27:34]} Bxf3
{[%clk 1:26:50]} 9. Qxf3 {[%clk 1:27:28]} g6 {[%clk 1:26:46]} 10. d3
{[%clk 1:26:32]} Bg7 {[%clk 1:27:00]} 11. Be3 {[%clk 1:25:34]} O-O
{[%clk 1:21:08]} 12. Nd2 {[%clk 1:23:23]} Rc8 {[%clk 1:13:44]} 13. Qe2
{[%clk 1:17:07]} e5 {[%clk 0:56:52]} 14. Rad1 {[%clk 1:11:44]} Re8
{[%clk 0:49:30]} 15. Nf3 {[%clk 1:08:55]} b6 {[%clk 0:36:12]} 16. Nh2
{[%clk 1:01:46]} d5 {[%clk 0:34:49]} 17. Ng4 {[%clk 1:00:42]} d4 {[%clk 0:25:28]}
18. Bc1 {[%clk 0:57:10]} Nxg4 {[%clk 0:23:13]} 19. hxg4 {[%clk 0:57:08]} b5
{[%clk 0:23:36]} 20. g5 {[%clk 0:46:45]} Qa5 {[%clk 0:18:28]} 21. Bd2
{[%clk 0:35:56]} Qxa2 {[%clk 0:13:21]} 22. Ra1 {[%clk 0:35:50]} Qb3
{[%clk 0:11:34]} 23. Ra3 {[%clk 0:33:25]} Qxb2 {[%clk 0:10:30]} 24. Rea1
{[%clk 0:33:09]} dxc3 {[%clk 0:10:43]} 25. R1a2 {[%clk 0:33:24]} Nd4
{[%clk 0:09:32]} 26. Qg4 {[%clk 0:30:26]} Qxa3 {[%clk 0:06:18]} 27. Rxa3
{[%clk 0:30:50]} cxd2 {[%clk 0:06:43]} 28. Qd1 {[%clk 0:29:51]} b4
{[%clk 0:06:42]} 29. Ra4 {[%clk 0:27:24]} Rb8 {[%clk 0:03:18]} 30. Qxd2
{[%clk 0:27:35]} b3 {[%clk 0:03:29]} 31. Ra1 {[%clk 0:24:06]} Rb5
{[%clk 0:03:18]} 32. Qb2 {[%clk 0:21:33]} a5 {[%clk 0:03:27]} 33. g3
{[%clk 0:21:05]} Ra8 {[%clk 0:03:16]} 34. Bh3 {[%clk 0:20:45]} a4
{[%clk 0:02:50]} 35. Bd7 {[%clk 0:20:55]} Rb4 {[%clk 0:02:37]} 36. Ra3
{[%clk 0:20:50]} Ra7 {[%clk 0:02:31]} 37. Be8 {[%clk 0:20:41]} Kf8
{[%clk 0:02:40]} 38. Qc1 {[%clk 0:20:52]} Ne2+ {[%clk 0:03:07]} 0-1

[Event "High League 2022 women"]
[Site "Obninsk"]
[Date "2022.06.28"]
[Round "3.14"]
[White "Borisova, Ekaterina"]
[Black "Shukhman, Anna"]
[Result "0-1"]
[LiveChessVersion "1.4.7"]
[BlackElo "2121"]
[WhiteElo "2233"]

1. d4 {[%clk 1:30:58]} Nf6 {[%clk 1:30:56]} 2. c4 {[%clk 1:31:22]} g6
{[%clk 1:31:24]} 3. Nc3 {[%clk 1:31:47]} d5 {[%clk 1:31:51]} 4. cxd5
{[%clk 1:32:10]} Nxd5 {[%clk 1:32:19]} 5. Bd2 {[%clk 1:32:34]} Nb6
{[%clk 1:32:45]} 6. e3 {[%clk 1:32:59]} Bg7 {[%clk 1:33:02]} 7. h4
{[%clk 1:33:24]} Nc6 {[%clk 1:21:14]} 8. f4 {[%clk 1:31:15]} h5 {[%clk 1:11:45]}
9. Be2 {[%clk 1:31:08]} a5 {[%clk 1:10:44]} 10. Nf3 {[%clk 1:31:03]} Bg4
{[%clk 1:10:36]} 11. Rc1 {[%clk 1:31:06]} e6 {[%clk 1:10:30]} 12. Ne4
{[%clk 1:26:15]} Ne7 {[%clk 1:05:42]} 13. Nc5 {[%clk 1:15:00]} Nf5
{[%clk 0:59:17]} 14. Bb5+ {[%clk 1:06:25]} Kf8 {[%clk 0:58:18]} 15. Nxb7
{[%clk 1:03:32]} Qe7 {[%clk 0:57:22]} 16. Kf2 {[%clk 0:52:36]} Bf6
{[%clk 0:38:24]} 17. g3 {[%clk 0:46:53]} Nd5 {[%clk 0:36:52]} 18. Be2
{[%clk 0:46:51]} Rb8 {[%clk 0:32:27]} 19. Nxa5 {[%clk 0:43:39]} Rxb2
{[%clk 0:32:44]} 20. Rc2 {[%clk 0:43:28]} Rxc2 {[%clk 0:32:06]} 21. Qxc2
{[%clk 0:43:46]} Kg7 {[%clk 0:31:53]} 22. Rb1 {[%clk 0:32:08]} Ra8
{[%clk 0:27:13]} 23. Rb3 {[%clk 0:30:28]} Bxf3 {[%clk 0:23:24]} 24. Kxf3
{[%clk 0:27:40]} Ndxe3 {[%clk 0:17:34]} 25. Bxe3 {[%clk 0:25:09]} Rxa5
{[%clk 0:17:49]} 26. Bd3 {[%clk 0:23:42]} Nxe3 {[%clk 0:16:01]} 27. Kxe3
{[%clk 0:24:07]} Qd6 {[%clk 0:16:04]} 28. Qc4 {[%clk 0:22:59]} Rd5
{[%clk 0:12:49]} 29. Rb4 {[%clk 0:21:41]} Rxd4 {[%clk 0:12:41]} 30. Qxd4
{[%clk 0:22:07]} Bxd4+ {[%clk 0:13:08]} 31. Rxd4 {[%clk 0:22:33]} Qa3
{[%clk 0:13:03]} 32. Rc4 {[%clk 0:22:52]} c5 {[%clk 0:13:27]} 33. Rc2
{[%clk 0:23:11]} Kf6 {[%clk 0:13:24]} 34. Ke4 {[%clk 0:23:33]} Ke7
{[%clk 0:13:01]} 35. Ke3 {[%clk 0:23:41]} f6 {[%clk 0:11:34]} 36. Ke2
{[%clk 0:23:42]} Kf7 {[%clk 0:08:55]} 37. Ke3 {[%clk 0:24:06]} e5
{[%clk 0:09:09]} 38. fxe5 {[%clk 0:24:30]} fxe5 {[%clk 0:09:34]} 39. Ke4
{[%clk 0:24:52]} Qb4+ {[%clk 0:07:49]} 40. Bc4+ {[%clk 0:54:43]} Kf6
{[%clk 0:38:04]} 41. Kd5 {[%clk 0:54:59]} Qe1 {[%clk 0:33:51]} 42. Kxc5
{[%clk 0:55:00]} Qxg3 {[%clk 0:32:42]} 43. a4 {[%clk 0:55:13]} Qxh4
{[%clk 0:32:02]} 44. a5 {[%clk 0:55:32]} Qd4+ {[%clk 0:32:23]} 45. Kb5
{[%clk 0:55:29]} Qd7+ {[%clk 0:30:37]} 46. Kb4 {[%clk 0:55:26]} Qd6+
{[%clk 0:31:03]} 47. Kb5 {[%clk 0:55:39]} Qb8+ {[%clk 0:31:09]} 48. Ka4
{[%clk 0:55:59]} e4 {[%clk 0:22:33]} 49. a6 {[%clk 0:56:23]} e3 {[%clk 0:21:46]}
50. Bb5 {[%clk 0:56:08]} h4 {[%clk 0:20:27]} 51. Rc6+ {[%clk 0:56:28]} Kg5
{[%clk 0:19:55]} 52. Ka5 {[%clk 0:56:47]} h3 {[%clk 0:20:03]} 53. Rb6 Qc7 54. Bc6
{[%clk 0:57:14]} e2 {[%clk 0:20:44]} 0-1

[Event "High League 2022 women"]
[Site "Obninsk"]
[Date "2022.06.28"]
[Round "3.15"]
[White "Izbekova, Evdokia"]
[Black "Paramzina, Anastasya"]
[Result "0-1"]
[LiveChessVersion "1.4.7"]
[BlackElo "2256"]
[WhiteElo "1877"]

1. e4 {[%clk 1:30:58]} c5 {[%clk 1:30:00]} 2. Nf3 {[%clk 1:31:22]} d6
{[%clk 1:30:27]} 3. c3 {[%clk 1:31:40]} Nf6 {[%clk 1:30:36]} 4. Bd3
{[%clk 1:31:56]} Bg4 {[%clk 1:27:54]} 5. Bc2 {[%clk 1:25:24]} Nc6
{[%clk 1:26:31]} 6. d3 {[%clk 1:24:30]} e6 {[%clk 1:26:14]} 7. h3
{[%clk 1:22:47]} Bh5 {[%clk 1:15:59]} 8. O-O {[%clk 1:12:45]} Be7
{[%clk 1:15:26]} 9. Be3 {[%clk 1:08:20]} d5 {[%clk 1:11:28]} 10. exd5
{[%clk 1:05:56]} Nxd5 {[%clk 1:10:37]} 11. Re1 {[%clk 0:47:53]} Qb6
{[%clk 0:55:31]} 12. Bb3 {[%clk 0:37:35]} O-O-O {[%clk 0:51:47]} 13. Nbd2
{[%clk 0:29:57]} g5 {[%clk 0:48:33]} 14. g4 {[%clk 0:13:32]} Bg6 {[%clk 0:39:11]}
15. Nc4 {[%clk 0:11:12]} Qc7 {[%clk 0:39:34]} 16. Bxg5 {[%clk 0:11:09]} Bxg5
{[%clk 0:37:48]} 17. Nxg5 {[%clk 0:11:36]} h5 {[%clk 0:37:12]} 18. Qf3
{[%clk 0:05:29]} hxg4 {[%clk 0:36:25]} 19. Qg3 {[%clk 0:03:12]} Nf4
{[%clk 0:36:08]} 20. Re3 {[%clk 0:00:57]} Rh5 {[%clk 0:34:39]} 21. Ne4
{[%clk 0:00:47]} e5 {[%clk 0:28:53]} 22. Qxg4+ {[%clk 0:00:45]} f5
{[%clk 0:27:05]} 23. Ned6+ {[%clk 0:01:04]} Rxd6 {[%clk 0:27:20]} 24. Nxd6+
{[%clk 0:01:31]} Qxd6 {[%clk 0:27:43]} 25. Qd1 {[%clk 0:00:49]} Nxh3+
{[%clk 0:27:35]} 26. Kf1 {[%clk 0:01:10]} Nf4 {[%clk 0:27:56]} 27. Rg3
{[%clk 0:00:59]} Rh1+ {[%clk 0:27:23]} 28. Rg1 Rxg1+ {[%clk 0:27:49]} 29. Kxg1
{[%clk 0:01:52]} Bh5 {[%clk 0:27:51]} 30. f3 {[%clk 0:01:41]} Qg6+
{[%clk 0:27:21]} 31. Kf2 {[%clk 0:01:30]} Qg2+ {[%clk 0:27:43]} 32. Ke3
{[%clk 0:01:51]} Ne7 {[%clk 0:27:02]} 33. d4 {[%clk 0:01:28]} Ned5+
{[%clk 0:27:18]} 34. Bxd5 {[%clk 0:01:53]} Nxd5+ {[%clk 0:27:45]} 35. Kd3
{[%clk 0:02:19]} c4+ 0-1

[Event "High League 2022 women"]
[Site "Obninsk"]
[Date "2022.06.28"]
[Round "3.16"]
[White "Semenova, Elena"]
[Black "Shvedova, Alexandra"]
[Result "0-1"]
[LiveChessVersion "1.4.7"]
[BlackElo "2106"]
[WhiteElo "2296"]

1. e4 {[%clk 1:30:53]} e5 {[%clk 1:30:49]} 2. Nf3 {[%clk 1:31:15]} Nc6
{[%clk 1:31:14]} 3. Nc3 {[%clk 1:31:10]} Nf6 {[%clk 1:31:29]} 4. Bb5
{[%clk 1:30:45]} Nd4 {[%clk 1:31:35]} 5. Ba4 {[%clk 1:30:21]} c6 {[%clk 1:30:50]}
6. Nxe5 {[%clk 1:28:50]} d6 {[%clk 1:30:29]} 7. Nf3 {[%clk 1:23:42]} Bg4
{[%clk 1:29:12]} 8. d3 {[%clk 1:18:39]} d5 {[%clk 1:25:50]} 9. h3
{[%clk 0:50:30]} Nxf3+ {[%clk 1:00:33]} 10. gxf3 {[%clk 0:50:56]} Bh5
{[%clk 1:00:57]} 11. exd5 Nxd5 {[%clk 0:59:01]} 12. Nxd5 {[%clk 0:34:23]} Qxd5
{[%clk 0:59:15]} 13. Bb3 {[%clk 0:34:33]} Qf5 {[%clk 0:57:08]} 14. Qe2+
{[%clk 0:31:05]} Kd7 {[%clk 0:56:43]} 15. Rg1 {[%clk 0:27:51]} Bxf3
{[%clk 0:53:04]} 16. Qf1 {[%clk 0:28:14]} Qe5+ {[%clk 0:50:32]} 17. Kd2
{[%clk 0:23:23]} Qf4+ 18. Qd1 0-1

[Event "High League 2022 women"]
[Site "Obninsk"]
[Date "2022.06.28"]
[Round "3.17"]
[White "Tomilova, Elena"]
[Black "Kuznetsova, Marina"]
[Result "1/2-1/2"]
[LiveChessVersion "1.4.7"]
[BlackElo "2043"]
[WhiteElo "2278"]

1. d4 {[%clk 1:30:57]} Nf6 {[%clk 1:30:54]} 2. Nf3 {[%clk 1:31:23]} e6
{[%clk 1:31:17]} 3. c4 {[%clk 1:31:45]} c5 {[%clk 1:30:27]} 4. Nc3
{[%clk 1:30:13]} cxd4 {[%clk 1:28:47]} 5. Nxd4 {[%clk 1:30:35]} Bb4
{[%clk 1:27:59]} 6. g3 {[%clk 1:28:57]} Ne4 {[%clk 1:26:26]} 7. Bd2
{[%clk 1:21:28]} Nxc3 {[%clk 1:20:11]} 8. bxc3 {[%clk 1:21:30]} Be7
{[%clk 1:20:27]} 9. Bg2 {[%clk 1:21:30]} O-O {[%clk 1:16:06]} 10. O-O
{[%clk 1:21:15]} d6 {[%clk 1:13:33]} 11. Rb1 {[%clk 1:15:43]} Qc7
{[%clk 1:01:55]} 12. Nb5 {[%clk 1:12:45]} Qd7 {[%clk 0:51:58]} 13. Be3
{[%clk 1:02:07]} Nc6 {[%clk 0:49:26]} 14. c5 {[%clk 0:57:47]} d5 {[%clk 0:39:41]}
15. c4 {[%clk 0:56:54]} a6 {[%clk 0:37:49]} 16. Nd6 {[%clk 0:47:04]} Bxd6
{[%clk 0:32:17]} 17. cxd5 {[%clk 0:44:00]} exd5 {[%clk 0:31:13]} 18. cxd6
{[%clk 0:44:21]} Qxd6 {[%clk 0:29:45]} 19. Qxd5 {[%clk 0:43:48]} Qxd5
{[%clk 0:24:16]} 20. Bxd5 {[%clk 0:43:44]} Rd8 {[%clk 0:24:39]} 21. Bg2
{[%clk 0:41:15]} Nd4 {[%clk 0:21:57]} 22. Rb2 {[%clk 0:37:18]} Bg4
{[%clk 0:15:37]} 23. f3 {[%clk 0:36:32]} Be6 {[%clk 0:15:37]} 24. Rc1
{[%clk 0:32:10]} b5 {[%clk 0:13:30]} 25. f4 {[%clk 0:31:37]} Rab8
{[%clk 0:12:26]} 26. h3 {[%clk 0:22:48]} h5 {[%clk 0:08:36]} 27. Bf2
{[%clk 0:22:42]} Nf5 {[%clk 0:05:51]} 28. g4 {[%clk 0:20:28]} hxg4
{[%clk 0:05:07]} 29. hxg4 {[%clk 0:20:54]} Nd6 {[%clk 0:04:05]} 30. f5
{[%clk 0:20:44]} Bc4 {[%clk 0:03:06]} 31. Bg3 {[%clk 0:19:10]} Rbc8
{[%clk 0:01:59]} 32. Rd2 {[%clk 0:17:01]} Ne8 {[%clk 0:01:22]} 33. Rcd1
{[%clk 0:17:05]} Rxd2 {[%clk 0:01:47]} 34. Rxd2 {[%clk 0:17:34]} Nf6
{[%clk 0:00:57]} 35. g5 {[%clk 0:15:51]} Ng4 {[%clk 0:00:49]} 36. Bh3
{[%clk 0:12:01]} Ne3 {[%clk 0:01:14]} 37. Bf2 {[%clk 0:08:26]} Nd5
{[%clk 0:00:49]} 38. a3 {[%clk 0:07:37]} Re8 {[%clk 0:00:50]} 39. Bg4
{[%clk 0:04:53]} Ne3 {[%clk 0:00:42]} 40. Bh3 {[%clk 0:33:17]} Nd5
{[%clk 0:30:44]} 41. Bg4 {[%clk 0:29:51]} Ne3 {[%clk 0:27:38]} 42. Bh3
{[%clk 0:16:31]} a5 {[%clk 0:21:47]} 43. g6 {[%clk 0:15:04]} Nd5 {[%clk 0:16:56]}
44. Bg4 {[%clk 0:14:28]} fxg6 {[%clk 0:14:59]} 45. fxg6 {[%clk 0:13:53]} Nf4
{[%clk 0:14:40]} 46. Bb6 {[%clk 0:10:13]} a4 {[%clk 0:10:46]} 47. Bf5
{[%clk 0:07:21]} Nxe2+ {[%clk 0:10:07]} 48. Kh2 {[%clk 0:07:27]} Nf4
{[%clk 0:07:04]} 49. Rd7 {[%clk 0:07:22]} Be6 {[%clk 0:05:51]} 50. Bxe6+
{[%clk 0:07:15]} Nxe6 {[%clk 0:06:16]} 51. Ba5 {[%clk 0:07:03]} Nf8
{[%clk 0:05:57]} 52. Rd5 {[%clk 0:05:17]} Re2+ {[%clk 0:05:32]} 53. Kg1
{[%clk 0:05:10]} Nxg6 {[%clk 0:05:40]} 54. Rxb5 {[%clk 0:05:29]} Re4
{[%clk 0:03:40]} 55. Bb4 {[%clk 0:03:38]} Ne5 {[%clk 0:03:33]} 56. Rb8+
{[%clk 0:03:44]} Kf7 {[%clk 0:02:57]} 57. Rb7+ {[%clk 0:03:57]} Ke6
{[%clk 0:01:59]} 58. Rxg7 {[%clk 0:03:54]} Rg4+ {[%clk 0:02:08]} 59. Rxg4
{[%clk 0:04:16]} Nxg4 {[%clk 0:02:34]} 60. Kf1 {[%clk 0:04:24]} Kd5
{[%clk 0:02:15]} 61. Ke2 {[%clk 0:04:40]} Kc4 {[%clk 0:02:30]} 62. Kd2
{[%clk 0:04:53]} Kb3 {[%clk 0:02:43]} 63. Kc1 {[%clk 0:04:59]} Ne3
{[%clk 0:02:56]} 64. Bf8 {[%clk 0:05:15]} Nc2 {[%clk 0:03:20]} 65. Kb1
{[%clk 0:05:40]} Nxa3+ {[%clk 0:03:43]} 66. Bxa3 {[%clk 0:06:04]} Kxa3
{[%clk 0:04:07]} 67. Ka1 1/2-1/2

[Event "High League 2022 women"]
[Site "Obninsk"]
[Date "2022.06.28"]
[Round "3.18"]
[White "Ivanova, Anastasia S."]
[Black "Afonasieva, Anna"]
[Result "1-0"]
[LiveChessVersion "1.4.7"]
[BlackElo "2232"]
[WhiteElo "1922"]

1. d4 {[%clk 1:30:59]} Nf6 {[%clk 1:30:56]} 2. c4 {[%clk 1:31:25]} g6
{[%clk 1:31:22]} 3. Nc3 {[%clk 1:31:52]} d5 {[%clk 1:31:49]} 4. cxd5
{[%clk 1:32:18]} Nxd5 {[%clk 1:32:16]} 5. e4 {[%clk 1:32:45]} Nxc3
{[%clk 1:32:41]} 6. bxc3 {[%clk 1:33:12]} Bg7 {[%clk 1:33:07]} 7. Be3
{[%clk 1:33:36]} O-O {[%clk 1:33:33]} 8. Bc4 {[%clk 1:34:01]} c5 {[%clk 1:33:59]}
9. Ne2 {[%clk 1:34:23]} Nc6 {[%clk 1:34:25]} 10. Qd2 {[%clk 1:34:42]} Qa5
{[%clk 1:34:50]} 11. Rd1 {[%clk 1:34:40]} Rd8 {[%clk 1:34:58]} 12. O-O
{[%clk 1:34:21]} Bd7 {[%clk 1:34:48]} 13. Bh6 {[%clk 1:28:36]} Bh8
{[%clk 1:34:22]} 14. Qf4 {[%clk 1:26:38]} Be8 {[%clk 1:33:02]} 15. e5
{[%clk 1:17:09]} Qc7 {[%clk 1:28:52]} 16. Qh4 {[%clk 1:09:48]} cxd4
{[%clk 1:22:06]} 17. cxd4 {[%clk 1:09:52]} Na5 {[%clk 1:20:41]} 18. Bd3
{[%clk 1:08:01]} Ba4 {[%clk 1:14:13]} 19. Rc1 {[%clk 1:06:46]} Qd7
{[%clk 1:14:26]} 20. Be4 {[%clk 0:51:57]} Rac8 {[%clk 1:09:33]} 21. Nc3
{[%clk 0:45:13]} Re8 {[%clk 0:31:56]} 22. Nxa4 {[%clk 0:25:45]} Rxc1
{[%clk 0:31:42]} 23. Rxc1 {[%clk 0:26:01]} Qxa4 {[%clk 0:32:07]} 24. e6
{[%clk 0:23:48]} Qxa2 {[%clk 0:09:20]} 25. d5 {[%clk 0:12:54]} Bg7
{[%clk 0:07:28]} 26. exf7+ {[%clk 0:06:17]} Kxf7 {[%clk 0:07:43]} 27. d6
{[%clk 0:02:43]} Nc6 {[%clk 0:03:47]} 28. d7 {[%clk 0:02:09]} Rd8
{[%clk 0:02:48]} 29. Bxg7 {[%clk 0:02:24]} Kxg7 {[%clk 0:03:01]} 30. Bxc6
{[%clk 0:02:46]} Qa3 {[%clk 0:03:11]} 31. Re1 {[%clk 0:02:32]} bxc6
{[%clk 0:03:16]} 32. Rxe7+ {[%clk 0:02:58]} 1-0

[Event "High League 2022 women"]
[Site "Obninsk"]
[Date "2022.06.28"]
[Round "3.19"]
[White "Dorokhina, Elizaveta"]
[Black "Pak, Polina"]
[Result "1-0"]
[LiveChessVersion "1.4.7"]
[BlackElo "1677"]
[WhiteElo "2045"]

1. d4 {[%clk 1:30:57]} Nf6 {[%clk 1:30:52]} 2. c4 {[%clk 1:30:54]} g6
{[%clk 1:31:14]} 3. Nc3 {[%clk 1:31:15]} Bg7 {[%clk 1:31:34]} 4. e4
{[%clk 1:31:12]} d6 {[%clk 1:31:51]} 5. Nf3 {[%clk 1:31:13]} O-O {[%clk 1:32:04]}
6. h3 {[%clk 1:31:28]} e5 {[%clk 1:32:02]} 7. d5 {[%clk 1:31:39]} a5
{[%clk 1:32:24]} 8. Bg5 {[%clk 1:31:46]} Na6 {[%clk 1:32:17]} 9. g4
{[%clk 1:31:22]} Nc5 {[%clk 1:29:34]} 10. Nd2 {[%clk 1:31:19]} h6
{[%clk 1:28:23]} 11. Be3 {[%clk 1:31:17]} c6 {[%clk 1:24:50]} 12. Be2
{[%clk 1:26:10]} cxd5 {[%clk 1:18:07]} 13. cxd5 {[%clk 1:25:51]} Bd7
{[%clk 1:18:28]} 14. Bxc5 {[%clk 1:06:48]} dxc5 {[%clk 1:18:34]} 15. a4
{[%clk 1:06:00]} Ne8 {[%clk 1:09:11]} 16. Nc4 {[%clk 0:58:58]} f5
{[%clk 0:56:47]} 17. Qd3 {[%clk 0:53:56]} Qh4 {[%clk 0:46:20]} 18. gxf5
{[%clk 0:46:37]} gxf5 {[%clk 0:45:29]} 19. Qg3 {[%clk 0:46:37]} Qf6
{[%clk 0:35:36]} 20. O-O-O {[%clk 0:42:07]} Nc7 {[%clk 0:18:12]} 21. Rhg1
{[%clk 0:31:31]} fxe4 {[%clk 0:02:30]} 22. Nxe4 {[%clk 0:23:51]} Qf4+
{[%clk 0:02:12]} 23. Qxf4 {[%clk 0:24:11]} Rxf4 {[%clk 0:02:36]} 24. Nxc5
{[%clk 0:23:10]} Bxh3 {[%clk 0:02:33]} 25. Rg3 {[%clk 0:22:08]} Bf5
{[%clk 0:01:20]} 26. Rdg1 {[%clk 0:21:05]} Ne8 {[%clk 0:00:55]} 27. Nb6
{[%clk 0:19:55]} Rd8 {[%clk 0:00:53]} 28. Bb5 {[%clk 0:19:48]} Rxf2
{[%clk 0:00:41]} 29. Bxe8 {[%clk 0:19:45]} Rc2+ {[%clk 0:00:52]} 30. Kd1
{[%clk 0:20:00]} Rxc5 {[%clk 0:00:33]} 31. Rxg7+ {[%clk 0:20:17]} Kf8
{[%clk 0:00:53]} 32. Bd7 {[%clk 0:19:13]} Bc2+ {[%clk 0:00:39]} 33. Kd2
{[%clk 0:19:30]} Be4 {[%clk 0:00:40]} 34. Rg8+ {[%clk 0:19:20]} Ke7
{[%clk 0:00:57]} 35. d6+ {[%clk 0:19:30]} 1-0

[Event "High League 2022 women"]
[Site "Obninsk"]
[Date "2022.06.28"]
[Round "3.20"]
[White "Dryaeva, Lana"]
[Black "Faizutdinova, Diana"]
[Result "1/2-1/2"]
[LiveChessVersion "1.4.7"]
[BlackElo "2023"]
[WhiteElo "1594"]

1. d4 {[%clk 1:30:58]} Nf6 {[%clk 1:30:53]} 2. c4 {[%clk 1:31:23]} d6
{[%clk 1:31:18]} 3. Nc3 {[%clk 1:31:47]} e5 {[%clk 1:31:07]} 4. d5
{[%clk 1:31:34]} Nbd7 {[%clk 1:30:02]} 5. e4 {[%clk 1:31:43]} Nc5
{[%clk 1:30:10]} 6. Qc2 {[%clk 1:31:10]} a5 {[%clk 1:30:23]} 7. Be2
{[%clk 1:30:45]} Be7 {[%clk 1:30:37]} 8. Nf3 {[%clk 1:29:00]} O-O
{[%clk 1:25:30]} 9. O-O {[%clk 1:29:14]} Bg4 {[%clk 1:21:39]} 10. Ne1
{[%clk 1:22:55]} Qd7 {[%clk 1:17:25]} 11. f3 {[%clk 1:22:42]} Bh5
{[%clk 1:17:39]} 12. Be3 {[%clk 1:22:42]} Na6 {[%clk 1:15:50]} 13. a3
{[%clk 1:22:10]} Bg6 {[%clk 1:15:52]} 14. Nd3 {[%clk 1:21:02]} c5
{[%clk 1:10:09]} 15. dxc6 {[%clk 1:21:02]} bxc6 {[%clk 1:09:16]} 16. c5
{[%clk 1:08:52]} Qa7 {[%clk 0:50:08]} 17. Bf2 {[%clk 1:04:52]} d5
{[%clk 0:50:03]} 18. Nxe5 {[%clk 0:57:21]} Bxc5 {[%clk 0:50:07]} 19. Nxg6
{[%clk 0:55:01]} Bxf2+ {[%clk 0:49:31]} 20. Rxf2 {[%clk 0:55:23]} hxg6
{[%clk 0:49:46]} 21. exd5 {[%clk 0:53:51]} cxd5 {[%clk 0:49:39]} 22. Bxa6
{[%clk 0:54:07]} Qxa6 {[%clk 0:50:04]} 23. Rd1 {[%clk 0:53:01]} Rfd8
{[%clk 0:47:25]} 24. Rd4 {[%clk 0:52:45]} Qb6 {[%clk 0:42:23]} 25. Qd1
{[%clk 0:50:45]} Rac8 {[%clk 0:41:40]} 26. Na4 {[%clk 0:47:25]} Qa7
{[%clk 0:39:46]} 27. Nc3 {[%clk 0:41:09]} Rd7 {[%clk 0:38:13]} 28. Qd3
{[%clk 0:40:41]} Rb7 {[%clk 0:36:08]} 29. g4 {[%clk 0:29:04]} Rc4
{[%clk 0:31:35]} 30. Rxc4 {[%clk 0:17:35]} dxc4 {[%clk 0:31:51]} 31. Qe2
{[%clk 0:14:09]} Qc5 {[%clk 0:28:23]} 32. Kg2 {[%clk 0:13:10]} Re7
{[%clk 0:27:46]} 33. Qd1 {[%clk 0:08:03]} Qc6 {[%clk 0:25:45]} 34. h3
{[%clk 0:08:00]} Rd7 {[%clk 0:18:10]} 35. Rd2 {[%clk 0:08:09]} Qb7
{[%clk 0:17:16]} 36. Rxd7 {[%clk 0:01:47]} Nxd7 {[%clk 0:17:27]} 37. Qd2
{[%clk 0:01:59]} Kh7 {[%clk 0:14:34]} 38. Nd1 {[%clk 0:02:09]} Ne5
{[%clk 0:13:47]} 39. Qc3 {[%clk 0:02:02]} f6 {[%clk 0:09:01]} 40. Nf2
{[%clk 0:30:43]} Qd5 {[%clk 0:36:00]} 41. Kg3 {[%clk 0:12:23]} g5
{[%clk 0:32:52]} 42. Qc2+ {[%clk 0:11:44]} Nd3 {[%clk 0:26:56]} 43. Nxd3
{[%clk 0:08:47]} cxd3 {[%clk 0:27:20]} 44. Qd2 {[%clk 0:09:10]} a4
{[%clk 0:27:20]} 45. Kf2 {[%clk 0:08:12]} Qd4+ {[%clk 0:27:27]} 46. Kf1
{[%clk 0:08:40]} g6 {[%clk 0:23:43]} 47. Kg2 {[%clk 0:05:20]} Qd6
{[%clk 0:17:32]} 48. Kf1 {[%clk 0:04:32]} Qd8 {[%clk 0:15:30]} 49. Ke1
{[%clk 0:04:17]} Qd4 {[%clk 0:14:51]} 50. Qf2 {[%clk 0:00:54]} Qe5+
{[%clk 0:12:11]} 51. Kf1 {[%clk 0:00:31]} Qc7 {[%clk 0:09:48]} 52. Qe3
{[%clk 0:00:34]} Qc4 {[%clk 0:03:08]} 53. Qe7+ {[%clk 0:00:40]} 1/2-1/2